2023中国便利店品牌top31 Top 31 Chinese convenience store brands in 2023 - Statistics

General Stats
  • This quiz has been taken 146 times
  • The average score is 4 of 31
Answer Stats
便利店品牌 门店数 % Correct
7-Eleven 3906
93%
罗森 6330
76%
全家Familymart 2707
75%
美宜佳 33848
37%
便利蜂 1510
26%
喜士多 1027
17%
十足/之上 3879
13%
易捷 28633
10%
红旗连锁 3639
10%
唐久 2258
10%
金虎/早早 2213
7%
芙蓉兴盛 5718
6%
每一天 2011
5%
天福 7208
4%
见福 2521
4%
邻几/巷邻 1280
4%
昆仑好客 19780
3%
新天地 1866
3%
新佳宜 1451
3%
舞东风 1034
3%
壹度便利 1898
2%
壳牌优选 1715
2%
36524 1891
2%
易站 2800
1%
联合一百 2007
1%
粤合家欢 1746
1%
老邻居 1622
1%
万嘉便利/便利客 1369
1%
华联盈创/邻里周末 1670
0%
维客佳 1545
0%
中业爱民 1400
0%
No matching quizzes found
Score Distribution
Percent of People with Each Score
Percentile by Number Answered
Your Score History
You have not taken this quiz